| 000 | 00590nam a22001817a 4500 | ||
|---|---|---|---|
| 005 | 20130905110526.0 | ||
| 010 | _aENG-107574 | ||
| 020 |
_a9780415840439 _c595.00 |
||
| 035 | _aEN-91107 | ||
| 037 | _bDBAD/PUB | ||
| 100 | _aChakravarty, Radha | ||
| 245 |
_aNovelist Tagore : _cby Radha Chakravarty _bgender and modernity in selected texts / |
||
| 260 |
_aNew Delhi _bRoutledge _c2013 |
||
| 270 |
_a912, Tolstoy House, 15-17 Tolstoy Marg, Connaught Place _bNew Delhi _e110001 |
||
| 300 |
_a160p. _c23cm(Hb) |
||
| 500 | _aIncludes bibliographical references and index | ||
| 942 |
_2ddc _cEN _mCHA |
||
| 999 |
_c76526 _d76526 |
||